000 00302nam a2200121Ia 4500
008 190216s9999||||xx |||||||||||||| ||und||
100 _aMehrotra H C & Gyal Sp
245 0 _aWealth Tax And Central Sales Tax
260 _bSahitya Bhawan
_c2003
300 _a56p
650 _aEconomics
942 _cBK
999 _c10673
_d10673